000 nam a22 4500
999 _c8994
_d8994
008 180323b ||||| |||| 00| 0 eng d
100 _927067
_aTorrevillas, Doimini M.
245 _aFreedom from cancer from the stands/
_cDoimini M. Torrevillas.
260 _aPhilippines:
_bThe Philippine Star,
_cc2017.
300 _apage 13.
650 0 _927068
_aCancer.
942 _2ddc
_cPER